ZÁVISLÝ ČLEN RODINY

Bibliographic Details
Main Author: Pastorková, Eva (Author)
Format: Article
Language:Slovak
ISBN:8080750386

MARC

LEADER 00000naa a2200000uu 4500
001 vtls011035183
003 SK-MaSNL
005 20260302125002.0
008 210907|2004 xo |||||||||||||||||slo|
015 |a SNBRA 
035 |a (urnnbn)urn:nbn:sk:snk:ar-008th1 
035 |a (uuid)c49d5698-208a-47a0-a5f5-d989c38776db 
035 |a urn:nbn:sk:snk-aaup91 
040 |a SNKBUCL  |b slo  |c SNKBUCL  |e AACR2 
041 0 |a slo 
044 |a xo  |c SK 
100 1 |a Pastorková, Eva  |4 aut  |9 811572 
245 1 0 |a ZÁVISLÝ ČLEN RODINY  |c Eva Pastorková 
773 0 |t Zborník prác študentov II. ročníka Univerzity tretieho veku TnU AD 2003-2004  |d Trenčín : Trenčianska univerzita Alexandra Dubčeka, 2004  |g S. 20-21  |z 8080750386 
958 |a OND 
958 |a article12 
958 |a chapter 
999 |c 1291113  |d 1293043